| 000 | 00714nam a2200205Ia 4500 | ||
|---|---|---|---|
| 003 | OSt | ||
| 005 | 20260619124040.0 | ||
| 008 | 210210b2003 xxu||||| |||| 00| 0 eng d | ||
| 040 | _cAL | ||
| 041 | _aKannada | ||
| 082 | _a398.2K ASHK | ||
| 100 |
_aASHOKA ALVA (K). _dಅಶೋಕ ಆಳ್ವ (ಕೆ.) _9265759 |
||
| 245 |
_aKodagina janapada kunitagala samskratika adhyayana. _bಕೊಡಗಿನ ಜನಪದ ಕುಣಿತಗಳ ಸಾಂಸ್ಕೃತಿಕ ಅಧ್ಯಯನ |
||
| 260 |
_aMangalagangothri _bPrasaranga _c2003 |
||
| 300 | _a88 | ||
| 650 |
_aKodagina janapada kunitagalu Mangala pracharopanyasa malike 33 _9265760 |
||
| 690 |
_aFolklore _9265761 |
||
| 906 | _a058778 | ||
| 942 |
_2ddc _cBK |
||
| 999 |
_c106068 _d106068 |
||